000 00426pab a2200145 454500
008 180718b1991 xxu||||| |||| 00| 0 eng d
100 _aKarunakaran, C.E.
245 _aPromotion of small industry in Tamil Nadu
_bThe missing dimensions
260 _c1991
300 _a80-9
362 _aFeb.
650 _aIndustry, Small Scale - India - Tamil Nadu
773 _aBulletin Madras Development Seminar Series
909 _a10951
999 _c10951
_d10951